000 00657cam a22002293a 4500
001 17840
003 PGUSA
005 20140828083359.0
008 060223s2006||||xxu|||||s|||||000 | eng d
040 _aPGUSA
_beng
042 _adc
050 4 _aBF
100 1 _aHureau, Émile,
_d1877-1922
245 1 0 _aDe la télépathie :
_bÉtude sur la transmission de la pensée
_h[electronic resource] /
_cÉmile Hureau
260 _bProject Gutenberg,
_c2006
506 _aPublic domain in the USA.
516 _aElectronic text
653 _aTelepathy
830 0 _aProject Gutenberg
_v17840
856 4 0 _uhttp://www.gutenberg.org/ebooks/17840
942 _cEB
999 _c247095
_d247095